IFM Opac

Principlers of External Audating (Record no. 22203)

MARC details
000 -LEADER
fixed length control field 00402nam a22001457a 4500
020 ## - INTERNATIONAL STANDARD BOOK NUMBER
ISBN 978-0-470-97445-2
082 ## - DEWEY DECIMAL CLASSIFICATION NUMBER
Classification number 446759/24
Item number 1
100 ## - MAIN ENTRY--AUTHOR NAME
Personal name Porter,Brenda
245 ## - TITLE STATEMENT
Title Principlers of External Audating
Statement of responsibility, etc Donation
250 ## - EDITION STATEMENT
Edition statement 4th ed
260 ## - PUBLICATION, DISTRIBUTION, ETC. (IMPRINT)
Place of publication British Library
Name of publisher Wiley
Year of publication 2014
300 ## - PHYSICAL DESCRIPTION
Number of Pages 861P
Other physical details Inculdes Bibliographical reference and index
700 ## - ADDED ENTRY--PERSONAL NAME
Personal name Jon Simon/David Hatherly
942 ## - ADDED ENTRY ELEMENTS (KOHA)
Koha item type Books

No items available.